00415 2200157 4500001002100000008004100021035002000062245004600082100001900128260003200147300002200179020002200201084001400223082000800237990001200245INLIS000000000002877 IND  a0010-0925000224 aCahaya Surga Di Wajah IbucMura Alfa Zais aMura Alfa Zais aJakartabRumah Oranyec2014 a312c(13 x 19 cm) a978-602-1588-89-5 a813 ALF c a813 a0755099